Statistics for Québec City Jean Lesage Int Airport Destinations (Québec City, Canada)

Click here to take the quiz!

General Stats

  • This quiz has been taken 60 times
  • The average score is 18 of 35

Answer Stats

AirlineDestination% Correct
Porter AirlinesToronto (Billy Bishop)
93%
Air Canada Express/Air Canada RougeToronto (Pearson)
93%
PAL AirlinesMontreal (Saint-Hubert)
90%
Air Canada Rouge/Air Inuit/Air Transat/PAL AirlinesMontreal (Trudeau)
90%
Air France/Air TransatParis (Charles de Gaulle)
85%
Air Canada/Air Canada RougeVancouver
85%
Air Canada Rouge/WestJetCalgary
83%
Flair AirlinesEdmonton
78%
Air Canada Rouge/Air Transat/Sunwing AirlinesCancun
73%
American EagleChicago (O'Hare)
73%
Flair AirlinesHalifax
73%
Air TransatLondon (Gatwick)
73%
Air Canada ExpressOttawa
73%
United ExpressNewark
68%
Korean AirSeoul (Incheon)
63%
Air Canada Rouge/Air TransatOrlando
58%
Air Canada Rouge/Air TransatFort Lauderdale
55%
American EaglePhiladelphia
55%
Air Canada Rouge/Air Transat/Sunwing AirlinesPunta Cana
53%
Air Transat/Sunwing AirlinesVaradero
48%
Air Transat/Sunwing AirlinesPuerto Plata
40%
Air Transat/Sunwing AirlinesPuerto Vallarta
35%
Air Transat/Sunwing AirlinesCayo Coco
33%
Air Transat/Sunwing AirlinesHolguin
33%
Air Inuit/PAL AirlinesSept-Iles
33%
PAL AirlinesGaspe
28%
Air Transat/Sunwing AirlinesSanta Clara
23%
Sunwing AirlinesRoatan
20%
Air TransatSamana
20%
PAL AirlinesIles-de-la-Madeleine
18%
PAL AirlinesMont-Joli
13%
Sunwing AirlinesRio Hato
13%
Air InuitSchefferville
13%
PAL AirlinesWabush
13%
Air InuitKuujjuaq
8%

Score Distribution

Percentile by Number Answered

Percent of People with Each Score

Your Score History

You have not taken this quiz